| 000 | 00265 a2200085 4500 | ||
|---|---|---|---|
| 100 | 1 |
_aNejfach, A.E.. _eAutor |
|
| 245 | 0 |
_aSvertocnye kody dlja peredaci diskretnoj informacii / _cNejfach A.E.. |
|
| 710 | 2 |
_aNauka. _eWydawca _4pbl |
|
| 260 |
_aMoskva : _bNauka, _c1979. |
||
| 300 |
_a222 s.; _c24 cm. |
||
| 999 |
_c8382 _d8382 |
||